| 000 | 005440000a22001810004500 | ||
|---|---|---|---|
| 003 | MACL | ||
| 005 | 20160227125940.0 | ||
| 008 | 160227b xxu||||| |||| 00| 0 eng d | ||
| 040 |
_aMACL _cMACL |
||
| 041 | _aHindi | ||
| 082 | _a800 | ||
| 100 |
_aस्मृति धरोहर _940883 |
||
| 245 | _aआचार्य हजारीप्रसाद दिवेदी | ||
| 260 |
_bमुक्तकंठ प्रकाशन _c1979 _aपटना |
||
| 350 | _a20 | ||
| 650 |
_aLiteracture _939932 |
||
| 942 |
_cHIN _k800 _2ddc |
||
| 999 |
_c28043 _d28043 |
||